[Event "Kurnosov Memorial Rapid 2020"]
[Site "Chelyabinsk"]
[Date "2020.09.05"]
[Round "9.4"]
[White "Fedoseev, Vladimir"]
[Black "Zvjaginsev, Vadim"]
[Result "1/2-1/2"]
[WhiteElo "2678"]
[BlackElo "2617"]
[Annotator "TA"]
[PlyCount "85"]
[EventDate "2020.09.04"]
[EventType "swiss"]
[EventCountry "RUS"]
[SourceTitle "playchess.com"]
[Source "ChessBase"]
[SourceQuality "1"]

{[%evp 9,85,28,27,0,28,0,6,0,0,0,0,-16,0,-1,-9,-6,0,0,0,0,0,0,0,-6,0,-15,-19,-26,-28,-14,9,0,0,-9,0,-29,13,8,6,8,9,0,0,0,0,0,0,0,0,0,0,0,0,0,0,0,0,0,0,0,0,0,0,0,0,0,0,0,0,0,0,0,0,0,0,0,0,0]} 1. d4 d5 2. c4 e6 3. Nf3 a6 4. Bg5 Be7 5. Bxe7 Qxe7 6. Qc2 {D30: Queen's Gambit Declined: Systems without Nc3.} Nf6 {[#]} 7. g3 $146 ({Predecessor:} 7. e3 O-O 8. Nbd2 Nc6 9. a3 e5 10. cxd5 Nxd5 11. Bc4 Rd8 12. dxe5 Nxe5 13. Nxe5 Qxe5 {0-1 (27) Berczes,D (2555)-Predojevic,B (2642) Zadar 2011}) 7... O-O 8. Bg2 dxc4 9. Qxc4 b5 10. Qc2 Bb7 11. O-O Rc8 12. Rc1 Nbd7 13. a4 c5 14. axb5 cxd4 15. Qd1 Rxc1 16. Qxc1 Rc8 17. Qd1 axb5 {next ...e5 is good for Black.} 18. Nxd4 Bxg2 19. Kxg2 Nc5 20. Nd2 Qb7+ 21. N2f3 Nce4 22. h3 Ng5 23. Rc1 {[#] Rxc8+ is the strong threat.The position is equal.} (23. Qb3 {keeps more tension.} Nxf3 24. Qxf3 Nd5 25. e3 Qb6 26. Qe2) 23... Rxc1 24. Qxc1 Nxf3 25. Nxf3 h6 26. Qc5 Ne4 27. Qd4 Ng5 28. Qd8+ Kh7 29. Qd3+ Kg8 30. h4 Nxf3 31. Qxf3 $11 {[%mdl 4096] Endgame KQ-KQ} Qd7 32. Qc3 h5 33. Qc5 g6 34. b4 Kg7 35. f3 f6 36. g4 hxg4 37. fxg4 e5 38. Kg3 Qd1 39. Qe7+ Kg8 40. Qe8+ Kg7 41. Qe7+ Kg8 42. Qe6+ Kg7 43. Qe7+ {A rather calm draw. Accuracy: White = 93%, Black = 93%.} 1/2-1/2

[Event "Kurnosov Memorial Rapid 2020"]
[Site "Chelyabinsk"]
[Date "2020.09.05"]
[Round "9.5"]
[White "Khanin, Semen"]
[Black "Rakhmanov, Aleksandr"]
[Result "1/2-1/2"]
[WhiteElo "2482"]
[BlackElo "2645"]
[Annotator "TA"]
[PlyCount "63"]
[EventDate "2020.09.04"]
[EventType "swiss"]
[EventCountry "RUS"]
[SourceTitle "playchess.com"]
[Source "ChessBase"]
[SourceQuality "1"]

{[%evp 10,63,54,63,66,67,55,11,62,55,49,50,54,53,53,40,51,37,38,26,47,21,21,21,37,17,28,15,27,33,30,0,0,0,1,13,15,0,0,0,0,0,0,0,0,0,0,0,0,0,0,0,0,0,2,0]} 1. e4 d5 2. exd5 Qxd5 3. Nc3 Qd8 4. d4 Nf6 5. Nf3 Bg4 6. h3 Bxf3 {B01: Scandinavian Defence.} 7. Qxf3 c6 8. Bd3 e6 {[#]} (8... Qxd4 $11 9. Be3 Qe5) 9. Ne2 $146 ({Predecessor:} 9. Bf4 Nbd7 10. O-O-O Be7 11. Kb1 Qa5 12. g4 Nd5 13. Ne4 Nxf4 14. Qxf4 Nf6 15. h4 Nxe4 16. Bxe4 {1-0 (33) Manik,M (2377)-Goban,M (2123) Slovakia 2019}) 9... Qa5+ 10. c3 Qd5 11. Qxd5 cxd5 12. Bf4 Nc6 13. a4 {[%cal Ba2a4,Ba4a5][%mdl 32]} Kd7 14. a5 (14. Be3 {seems wilder.} h6 15. O-O h5 16. a5 a6 17. b4) 14... Bd6 15. h4 Bxf4 16. Nxf4 g6 17. Kd2 h6 18. f3 g5 19. Ne2 Rag8 20. hxg5 hxg5 {The position is equal.} 21. b4 Kd6 22. g4 Ne7 23. Rag1 (23. Raf1 {is more complex.} Nd7 24. Ng3 Nc6 25. Ra1 Ne7 26. Ke3) 23... Nc8 24. Rxh8 Rxh8 25. f4 Rg8 26. Ke3 Ke7 27. fxg5 Rxg5 28. Kf4 Rg8 29. g5 Nh5+ 30. Kg4 Nf6+ 31. Kf3 Nh5 32. Kg4 {Accuracy: White = 86%, Black = 95%.} 1/2-1/2

[Event "Kurnosov Memorial Rapid 2020"]
[Site "Chelyabinsk"]
[Date "2020.09.05"]
[Round "9.6"]
[White "Afanasiev, Nikita"]
[Black "Kokarev, Dmitry"]
[Result "1/2-1/2"]
[WhiteElo "2507"]
[BlackElo "2611"]
[Annotator "TA"]
[PlyCount "81"]
[EventDate "2020.09.04"]
[EventType "swiss"]
[EventCountry "RUS"]
[SourceTitle "playchess.com"]
[Source "ChessBase"]
[SourceQuality "1"]

{[%evp 16,81,34,37,39,47,38,41,43,45,45,45,44,43,58,33,44,24,25,26,22,22,25,19,31,14,17,0,0,0,16,0,31,-4,0,-7,-5,-39,-46,-32,-24,-35,-8,-8,0,0,0,0,0,0,0,-32,0,-9,0,0,0,0,0,0,0,0,0,0,0,0,0,0]} 1. d4 Nf6 2. c4 g6 3. Nc3 Bg7 4. e4 d6 5. h3 O-O 6. Be3 c5 7. Nf3 cxd4 8. Nxd4 Nc6 9. Be2 Nxd4 {is cutting edge theory. B38: Sicilian: Maroczy Bind with 5...Bg7 and 7...0-0.} 10. Bxd4 Bh6 $5 {[%mdl 4] Exploring less charted territory.} 11. Qd3 e5 {White is slightly better.} 12. Be3 Bxe3 13. Qxe3 Be6 {[#]} 14. O-O $146 ({Predecessor:} 14. b3 Qa5 15. O-O Qc5 16. Rad1 Rfd8 17. Qh6 Rac8 18. Rd3 a6 19. Rf3 Nh5 20. Rd1 {1-0 (32) Rodshtein,M (2653)-Kokarev,D (2601) Budva 2019}) 14... Qc7 15. Rac1 Qc5 16. Qd3 Rac8 17. b3 a6 18. Rfd1 Rfd8 19. Qd2 Kg7 20. Bf1 (20. Qb2 {seems wilder.} h6 21. a4 Qb4 22. Rc2 Nd7 23. Rcd2) 20... Qb4 21. Nb1 (21. Qe3 {is more complex.} Qc5 22. Qd3 Qb4 23. Be2 Rd7 24. Na4) 21... Qxd2 22. Nxd2 Bd7 23. Bd3 Bc6 24. Kf1 Nd7 25. Ke2 Nc5 26. b4 Nxd3 27. Kxd3 f5 28. Ke3 b5 29. f3 Kf6 30. c5 d5 31. exd5 Bxd5 32. a3 Ke6 33. Rc3 Bc6 (33... Bc4 $5) 34. Rd3 {The position is equal.} f4+ 35. Ke2 Rxd3 36. Kxd3 $11 {KRB-KRN} Rd8+ 37. Ke2 g5 38. Ne4 Rxd1 39. Kxd1 Bxe4 40. fxe4 h5 41. Ke2 {Accuracy: White = 81%, Black = 90%.} 1/2-1/2

[Event "Kurnosov Memorial Rapid 2020"]
[Site "Chelyabinsk"]
[Date "2020.09.05"]
[Round "9.7"]
[White "Predke, Alexandr"]
[Black "Iljiushenok, Ilia"]
[Result "1/2-1/2"]
[WhiteElo "2684"]
[BlackElo "2516"]
[Annotator "TA"]
[PlyCount "155"]
[EventDate "2020.09.04"]
[EventType "swiss"]
[EventCountry "RUS"]
[SourceTitle "playchess.com"]
[Source "ChessBase"]
[SourceQuality "1"]

{[%evp 22,155,19,11,14,7,15,8,2,0,5,0,26,27,27,14,30,0,0,0,14,0,21,0,22,11,16,7,7,12,6,9,14,8,18,12,20,0,0,0,0,0,0,0,0,0,0,0,0,-22,0,-65,-65,-65,-65,-65,-58,-63,-63,-63,-64,-62,-63,-54,-64,-64,-64,-62,-51,-121,-66,-72,-41,-34,-38,-68,-69,-72,-75,-158,-8,-8,-8,-8,-8,-8,-8,-8,-8,-8,-8,-8,-8,-8,-8,-8,-8,-8,-8,-8,-8,-8,-8,-8,-8,-8,-8,-8,0,0,0,-8,-8,-8,-8,-8,0,-8,0,-8,-8,-8,-8,-8,-8,-8,-8,-8,-8,-8,-2206,-970,-8,-8,-8,-8]} 1. d4 Nf6 2. Nf3 g6 3. Nbd2 c5 4. dxc5 Qa5 5. a3 Qxc5 6. b4 Qc7 7. Bb2 Bg7 8. c4 O-O 9. e3 d6 10. Be2 b6 11. O-O Bb7 12. Qb3 Nbd7 {A48: 1 d4 Nf6 2 Nf3 g6: Torre, London and Colle Systems.} 13. Rfc1 Rac8 14. h3 Qb8 15. Bf1 Qa8 16. Nd4 {[#]} Ne4 $146 ({Predecessor:} 16... a6 17. a4 a5 18. Nb5 Nh5 19. Bd4 Bf6 20. Qb2 Rfd8 21. Nb3 axb4 22. a5 bxa5 23. Bxf6 Nhxf6 24. Nxa5 Qb8 25. Nxb7 Qxb7 26. Qxb4 Qb6 {½-½ (26) Belikov,V (2517)-Meshkov,Y (2400) Belgorod 2008}) 17. Nxe4 Bxe4 18. Nb5 Nf6 19. Qa4 a6 20. Nc3 Bb7 21. Rd1 Rfd8 22. Rac1 e6 23. Ba1 h5 24. Bb2 d5 25. cxd5 b5 26. Qb3 Bxd5 $1 27. Nxd5 Nxd5 28. Be2 Qb8 29. Bf3 Rxc1 30. Rxc1 Bxb2 31. Qxb2 Nb6 32. Qf6 Nc4 33. g4 hxg4 34. hxg4 Rd2 35. Be4 {[#]} Nxe3 $1 {[%mdl 512]} 36. Qg5 (36. fxe3 $11 Qh2+ 37. Kf1 Qh3+ 38. Ke1 Qxe3+ {[%mdl 64] Double Attack} 39. Kf1 Qe2+ 40. Kg1 Qe3+ 41. Kf1 Qe2+ 42. Kg1 Qe3+ 43. Kf1) 36... Nc4 $15 {[#]} 37. Bxg6 $1 {[%mdl 512] Strongly threatening Bd3+.} Qd8 (37... fxg6 38. Qxg6+) 38. Qxd8+ Rxd8 {[%mdl 4096] Endgame KRB-KRN} 39. Be4 Rd4 40. f3 Nxa3 41. Ra1 Nc4 42. Rxa6 Nd2 43. Bc6 Rxb4 44. Kf2 Rb2 45. Kg3 (45. Ke3 $15) 45... Kg7 ({Black should try} 45... b4 $17 46. Rb6 b3) 46. Ra7 Kf6 {( -> ...Nf1+)} 47. f4 b4 48. Kh4 Nc4 {aiming for ...b3.} 49. g5+ Kg7 {Threatens to win with ...b3.} 50. Bd7 Re2 (50... Kg6 $17 {And now ...Nd6 would win.} 51. Bb5 Nd6 52. Bd3+ Kg7) 51. Rb7 $1 $11 Re4 {...Nd6 is the strong threat.} 52. Rxb4 Rxf4+ 53. Kg3 Rd4 {next ...Rd3+ is good for Black.} 54. Bb5 Nd6 55. Rxd4 Nf5+ {[%mdl 64] Double Attack} 56. Kf4 Nxd4 {KB-KN} 57. Bd3 Nc6 58. Be4 Na5 59. Ke5 Nc4+ 60. Kf4 $1 Kf8 61. Bd3 Nb6 62. Ke5 Ke7 63. Bb5 Nc8 64. Kf4 Kd6 65. Be8 Ke7 66. Bb5 $1 Nd6 67. Bd3 Nb7 68. Ke5 Nd6 69. Kf4 Nc8 70. Bh7 Kf8 71. Ke5 Kg7 72. Bc2 Ne7 73. Be4 Ng6+ 74. Kd6 Nf4 75. Ke5 Nh3 76. g6 {[#]} fxg6 $2 (76... f6+ $1 $19 77. Kxe6 Ng5+ 78. Kf5 Nxe4 79. Kxe4 Kxg6) 77. Bxg6 Kxg6 78. Kxe6 {Accuracy: White = 91%, Black = 87%.} 1/2-1/2

[Event "Kurnosov Memorial Rapid 2020"]
[Site "Chelyabinsk"]
[Date "2020.09.05"]
[Round "9.8"]
[White "Savchenko, Boris"]
[Black "Sjugirov, Sanan"]
[Result "0-1"]
[WhiteElo "2564"]
[BlackElo "2675"]
[Annotator "TA"]
[PlyCount "172"]
[EventDate "2020.09.04"]
[EventType "swiss"]
[EventCountry "RUS"]
[SourceTitle "playchess.com"]
[Source "ChessBase"]
[SourceQuality "1"]

{[%evp 15,172,38,32,0,39,0,44,41,42,35,41,49,45,35,39,42,55,61,70,25,75,51,50,10,30,-9,-9,-14,-30,-22,-19,-14,0,0,0,-35,0,-12,-14,-23,-30,-14,-8,-12,0,-16,0,-19,-25,-28,-5,-10,0,0,0,0,0,0,0,-12,0,-26,0,-18,-19,-13,0,-33,0,0,0,-33,-4,-49,-27,-67,-45,-45,-45,-45,-45,-45,0,-45,-45,-45,-45,-114,-102,-130,-132,-5457,-4217,-9813,-9737,-8487,-8388,-8388,0,-4036,-6672,-6383,-1417,-4532,-6603,-6427,-2664,-6108,0,-5381,-4615,-5285,-538,-454,-857,-800,-73,-1682,-1490,-1120,-1322,-1489,-1371,-1191,0,-1190,-1151,-1094,-1149,-1141,-1094,-1075,-1016,-1150,-983,-889,-774,-713,0,-704,-462,-438,0,-169,-84,-91,-91,-91,-91,-102,-100,-275,-275,-258,-257,-12842,-12843,-29990,-29991]} 1. e4 c5 2. Nf3 Nc6 3. c3 Nf6 4. e5 Nd5 5. Bc4 Nb6 6. Bb3 d5 7. exd6 c4 8. Bc2 Qxd6 9. Qe2 {B22: Sicilian: 2 c3.} Bg4 10. b3 cxb3 (10... Nd5 {seems wilder.} 11. O-O Nf4 12. Qe3 Nd5 13. Qe2) 11. axb3 {[#] White is slightly better.} e6 $146 ({Predecessor:} 11... Nd5 12. d4 e6 13. O-O Be7 14. Bd2 a6 15. Na3 Rc8 16. Nc4 Qc7 17. Ne3 Nf4 {0-1 (29) Gerritse,Y (1971)-Svana,P (2272) Prague 2016}) 12. Na3 Qd8 13. O-O Be7 14. Nc4 Nd5 15. Ne3 Nxe3 16. fxe3 O-O 17. Ra4 Bf5 18. Bxf5 (18. e4 $5 {[%cal Re4f5]} Bg6 19. d4 $14) 18... exf5 19. Qb5 Qd7 20. Nd4 g6 21. Nxc6 bxc6 22. Qa6 Rfb8 23. b4 c5 24. bxc5 Bxc5 25. Ra2 Bf8 26. Ba3 Rb6 27. Qa5 Bxa3 28. Qxa3 a5 29. Qa4 Qe6 30. h3 h5 31. Rfa1 Rd6 32. Qf4 Rad8 33. d4 Rc6 34. Rxa5 Rxc3 35. Re5 Qf6 36. Ra7 Rf8 37. Ree7 Rc2 38. Rec7 Re2 39. Qf3 (39. h4 {is more complex.} Qe6 40. Re7 Qc6 41. Qg3 Rb2 42. Kh2) 39... Rb2 40. Rab7 Rxb7 (40... Rd2 {is interesting.} 41. Kh2 h4 42. Qf4 Ra2 43. Re7 Kg7) 41. Rxb7 $11 {[%mdl 4096] Endgame KQR-KQR} (41. Qxb7 {keeps more tension.} Kg7 42. Qc6 Qg5 43. Qe6 Qg3 44. Qe7) 41... Qd6 42. Ra7 Qb8 43. Ra6 Re8 44. Ra1 Kg7 45. Qf2 Qb3 $36 {[%mdl 2048] Black fights for an advantage.} 46. Re1 Qc3 47. Re2 Qd3 48. Re1 Qc3 49. Re2 Re4 50. g3 Re6 51. Qf3 (51. Qe1 $15 Qd3 52. h4) 51... Ra6 $1 $17 52. Kf2 Ra1 {Threatens to win with ...Qc1.} 53. Qg2 $2 {[%mdl 8192]} (53. h4 $17) 53... Qc1 $19 54. h4 Qd1 55. Rb2 Qe1+ 56. Kf3 Qd1+ $2 (56... Qa5 $19 {aiming for ...Re1.} 57. Kf2 Qe1+ 58. Kf3 Ra3 $1 {[%mdl 512]}) 57. Qe2 $2 {[%mdl 8192]} (57. Kf2 $11) 57... Qh1+ 58. Qg2 {[#]} Qc1 $1 {[%cal Rc1c4]} 59. Rd2 Qc4 (59... Qc6+ $2 60. Kf2 $19) 60. Kf2 Qc3 (60... Qc8 $142 61. Re2 Qc3) 61. Kf3 Qc4 62. Kf2 $1 Qb4 63. Kf3 Qb5 64. Kf2 Qa5 (64... Qb1 $142 65. Kf3 Qb5) 65. Re2 Qc3 $2 (65... Qb4 $19 {has better winning chances.} 66. Qc6 Qb1) 66. Kf3 $2 {[%mdl 8192]} (66. Qd5 $17) 66... Qc6+ 67. Kf2 Qc1 68. Kf3 Qd1 69. Kf4 Qc1 70. Kf3 $1 Kh7 71. Rc2 Qb1 72. Rd2 Qb5 (72... Qe4+ $2 73. Kf2 $19) 73. Kf2 Qb4 74. Kf3 Qc4 75. Kf2 Qc3 76. Re2 Kg7 77. Kf3 $1 Qd3 78. Kf2 Qd1 $2 (78... Kg8 79. Rb2 Qd1 80. Rb8+ Kg7) 79. Rb2 $1 f4 (79... Kh6 $19 {is more deadly.} 80. Re2 Rc1) 80. gxf4 $17 {[#]} Qe1+ $1 81. Kf3 Qxh4 82. d5 Rd1 83. Ke2 $2 (83. Rb8 $17 Kh7 84. Rb7) 83... Qe1+ $19 84. Kf3 Rxd5 85. Rb7 $2 (85. Qf2 Qc1 86. Rc2 Qh1+ 87. Qg2) 85... Rd2 {( -> ...Qd1+)} 86. Qh3 Qe2+ {Accuracy: White = 56%, Black = 75%.} 0-1

[Event "Kurnosov Memorial Rapid 2020"]
[Site "Chelyabinsk"]
[Date "2020.09.05"]
[Round "9.9"]
[White "Demchenko, Anton"]
[Black "Aleksandrov, Aleksej"]
[Result "1/2-1/2"]
[WhiteElo "2641"]
[BlackElo "2608"]
[Annotator "TA"]
[PlyCount "39"]
[EventDate "2020.09.04"]
[EventType "swiss"]
[EventCountry "RUS"]
[SourceTitle "playchess.com"]
[Source "ChessBase"]
[SourceQuality "1"]

{[%evp 9,39,0,21,17,26,9,19,0,11,6,9,20,24,8,0,0,7,0,16,-38,-14,-24,-38,-26,-29,-18,-26,-43,-46,-31,-47,-141]} 1. d4 Nf6 2. Nf3 d5 3. Bf4 c5 4. e3 e6 5. Nbd2 Bd6 6. dxc5 {D02: 1 d4 d5 2 Nf3 sidelines, including 2...Nf6 3 g3 and 2...Nf6 3 Bf4.} Bxc5 7. c4 O-O 8. Bd3 {The position is equal.} dxc4 {[#]} 9. Bxc4 $146 ({Predecessor:} 9. Nxc4 Bb4+ 10. Ke2 Be7 11. Rc1 Nc6 12. Qb3 Nh5 13. Bg3 h6 14. Rhd1 Nxg3+ 15. hxg3 {1-0 (53) Inarkiev,E (2693)-Riazantsev,A (2649) Moscow 2018}) 9... b6 10. O-O Bb7 11. Qe2 Bd6 12. Bg5 Nbd7 13. Rfd1 Rc8 14. e4 (14. Ba6 $11 Qc7 15. Bxb7 Qxb7 16. Nc4) 14... Ne5 15. Ba6 Bxa6 16. Qxa6 {[#] And now Nxe5 would win.} Qc7 17. Bxf6 gxf6 18. g3 Rfd8 19. Kg2 Bb4 20. Nf1 {Accuracy: White = 83%, Black = 100%.} (20. Qe2 $15) 1/2-1/2

[Event "Kurnosov Memorial Rapid 2020"]
[Site "Chelyabinsk"]
[Date "2020.09.05"]
[Round "9.10"]
[White "Lysyj, Igor"]
[Black "Stupak, Kirill"]
[Result "1-0"]
[WhiteElo "2594"]
[BlackElo "2520"]
[Annotator "TA"]
[PlyCount "133"]
[EventDate "2020.09.04"]
[EventType "swiss"]
[EventCountry "RUS"]
[SourceTitle "playchess.com"]
[Source "ChessBase"]
[SourceQuality "1"]

{[%evp 16,133,19,14,21,20,29,27,14,6,12,10,14,0,7,-2,0,-10,0,-12,-2,-9,0,-130,-142,-143,-142,-152,-155,-202,-183,-204,-187,-224,-223,-195,-208,-206,-216,-214,-204,-216,-216,-198,-45,-125,-85,-270,-67,-67,33,0,477,468,618,289,260,180,230,222,220,162,161,160,153,162,151,152,141,149,223,141,133,147,183,147,146,146,162,145,173,176,176,172,279,253,283,280,300,300,344,333,315,308,392,297,381,381,381,381,380,380,380,380,372,370,370,361,345,343,1245,1246,861,854,854,743,661,661,4602,4133]} 1. d4 Nf6 2. c4 e6 3. Nf3 b6 4. g3 Bb7 5. Bg2 Be7 6. O-O O-O 7. Nc3 Ne4 8. Qc2 {8.Qc2 has become a bit dusty these days.} Nxc3 9. Qxc3 a5 {E19: Queen's Indian: Old Main Line with 7...Ne4 8 Qc2 Nxc3 8 Qxc3.} 10. Rd1 d6 11. Qd3 f5 {White has an edge.} 12. Qe3 {Black must now prevent Ng5.} Qc8 13. Bd2 {[#]} Bf6 $146 ({Predecessor:} 13... Re8 14. Rac1 h6 15. Bc3 Na6 16. a3 a4 17. Nd2 Bxg2 18. Kxg2 Qb7+ 19. Qf3 Qxf3+ 20. Nxf3 Bf6 21. h4 {½-½ (21) Galanov,S (2473)-Lennartz,M (2432) ICCF email 2009}) 14. Rac1 Be4 15. g4 Nc6 {[%cal Bb8c6,Bc6d8,Bd8b7,Bb7c5][%mdl 32]} 16. g5 Be7 17. d5 Nd8 18. h4 e5 19. Bh3 (19. Bc3 $11 {remains equal.}) 19... f4 $17 20. Qxe4 Qxh3 21. Rc3 Qg4+ $1 22. Kh2 {[#]} Nb7 $1 23. Rg1 {[#]} Qh5 $1 {Strongly threatening ...Nc5.} 24. Kh3 Nc5 25. Qc2 e4 26. Nd4 h6 {[%cal Re7g5] And now ...Bxg5 would win.} 27. Ne6 Nxe6 28. dxe6 {[#]} e3 $1 {[%mdl 512]} 29. Be1 (29. fxe3 f3) 29... f3 $2 (29... Rae8 $19 {[%cal Rh6g5]} 30. Qe4 hxg5) 30. Rxe3 (30. Qe4 $15) 30... Rf4 {[%csl Gf4][%cal Rh5h4]} (30... hxg5 $6 31. Qe4 $11) 31. exf3 $2 (31. Rxf3 $17 {only move.} Rxh4+ 32. Kg2) 31... Qxh4+ $2 (31... hxg5 32. Kg2 $15) (31... Rxh4+ $19 32. Kg2 Bxg5) 32. Kg2 $15 Rxc4 ({Avoid the trap} 32... Bxg5 $2 33. Rh1 $18) (32... Qxg5+ $15 33. Kf1 Qf5 34. Qxf5 Rxf5) 33. Bc3 {Threatens to win with Kf1.} (33. Rc3 $5 {[%cal Rc3c4]} Rf4 34. gxh6 Qg5+ 35. Kf1 Qxh6 36. Rxc7 Qh3+ {[%mdl 64] Double Attack} 37. Rg2 Qh1+ 38. Rg1 Qh3+ {[%mdl 64] Double Attack} 39. Rg2 Qh1+ 40. Rg1 Qh3+ $11 {[%mdl 64] Double Attack}) 33... Bxg5 $2 {[%mdl 8192] [#]} (33... Rf8 $11 {and Black has nothing to worry.}) 34. Qg6 $1 $18 {[%csl Gc3][%cal Rg6g7][%mdl 512]} Rxc3 35. Rxc3 (35. Re4 $142 Qxe4 36. Qxe4) 35... c5 36. Qf7+ Kh8 37. Rh1 Qf4 38. Qxf4 Bxf4 {[%mdl 4096] Endgame KRR-KRB} 39. Rb3 Re8 40. Re1 (40. Rxb6 $6 Rxe6 41. a4 Re2 $16) 40... Be5 41. Rxb6 Rxe6 42. Re4 Rf6 (42... Kh7 $16 {is a better defense.} 43. f4 Rg6+ 44. Kh3 Bd4) 43. b3 Kh7 44. Ra6 Bc3 45. Re7 h5 46. Rd7 Rg6+ 47. Kh3 Rf6 48. Raxd6 Rxf3+ 49. Kg2 Rf4 (49... Rf8 {was called for.} 50. f3 Re8) 50. Rd5 Bd4 51. f3 ({Don't take} 51. Rxh5+ $6 Kg6 $16) 51... Kh6 52. R7d6+ g6 53. Ra6 Rf7 54. Rdd6 ({But not} 54. Rxa5 $6 Re7 $18) 54... Rg7 55. Re6 Bc3 56. f4 Kh7 57. Kf3 Bd2 58. Red6 Bb4 59. f5 Rf7 60. Rxg6 Rxf5+ 61. Ke4 Rf2 62. Rgc6 Rf7 $2 (62... Rg2 63. Kf5 h4 64. Ra7+ Kh8 65. Rc8+ Rg8) 63. Rh6+ {[%mdl 64] Double Attack. White is clearly winning.} Kg7 64. Rag6+ Kf8 65. Rxh5 Re7+ 66. Re5 Rd7 67. Rf5+ {Accuracy: White = 73%, Black = 58%.} 1-0

[Event "Kurnosov Memorial Rapid 2020"]
[Site "Chelyabinsk"]
[Date "2020.09.05"]
[Round "9.11"]
[White "Vitiugov, Nikita"]
[Black "Badelka, Olga"]
[Result "1-0"]
[WhiteElo "2722"]
[BlackElo "2427"]
[Annotator "TA"]
[PlyCount "77"]
[EventDate "2020.09.04"]
[EventType "swiss"]
[EventCountry "RUS"]
[SourceTitle "playchess.com"]
[Source "ChessBase"]
[SourceQuality "1"]

{[%evp 13,77,22,31,25,29,26,33,25,29,36,22,23,22,25,26,37,47,59,58,78,110,107,118,97,126,131,208,214,201,200,191,193,206,179,186,181,181,179,304,305,322,231,225,228,217,157,239,224,257,149,359,329,477,500,502,477,502,486,477,472,441,370,373,370,346,317]} 1. e4 c5 2. Nf3 Nc6 3. d4 cxd4 4. Nxd4 e5 5. Nb5 d6 6. N1c3 a6 7. Na3 Be7 8. Be3 {B32: Sicilian: Löwenthal and Kalashnikov Variations.} Nf6 9. Nc4 b5 10. Nb6 {White is slightly better.} Rb8 11. Nxc8 Qxc8 12. Bd3 O-O 13. O-O Rd8 {[#]} 14. a3 $146 ({Predecessor:} 14. a4 b4 15. Nd5 Re8 16. Nb6 Qb7 17. a5 Bd8 18. Qe2 Nd4 19. Bxd4 exd4 20. f3 {1-0 (42) Zhou,L (2056)-Pablos Tenrero,R (2043) Collado Villalba 2020}) 14... h6 15. Nd5 Nxd5 16. exd5 Na5 17. b3 {[%cal Bb2b3,Bb3b4][%mdl 32]} f5 18. f3 Nb7 {[#]} 19. b4 $1 Bg5 (19... Rf8 $16 20. a4 Bf6) 20. Bxg5 $18 hxg5 21. Qd2 f4 22. Qe2 Qc3 23. Qe4 {[#] And now Qh7+ would win.} Qd4+ 24. Qxd4 exd4 25. Rfe1 Rdc8 (25... Re8 $142 26. Rxe8+ Rxe8) 26. Re6 Rc3 27. Rg6 Re8 28. Rxg5 Nd8 29. Bg6 Rf8 (29... Ree3 $16 {was called for.} 30. Rd1 Rc4) 30. Rg4 Rf6 31. Re1 (31. a4 $18) 31... Rf8 $2 {Black cannot hold the game after this.} (31... Re3 $16 32. Rd1 Nf7) 32. Re4 Rxa3 (32... Rxc2 $142 33. Rgxf4 (33. Rexf4 Rc1+ 34. Kf2 Nf7 $18) 33... Rxf4 34. Rxf4 {[%mdl 64] Discovered Attack} d3) 33. Rgxf4 Rxf4 34. Rxf4 {KRB-KRN} Re3 35. h4 Re5 36. Rxd4 Nf7 37. Bxf7+ Kxf7 38. Kf2 Re7 39. c4 {Accuracy: White = 83%, Black = 59%.} 1-0

[Event "Kurnosov Memorial Rapid 2020"]
[Site "Chelyabinsk"]
[Date "2020.09.05"]
[Round "9.12"]
[White "Paravyan, David"]
[Black "Ponkratov, Pavel"]
[Result "0-1"]
[WhiteElo "2653"]
[BlackElo "2631"]
[Annotator "TA"]
[PlyCount "52"]
[EventDate "2020.09.04"]
[EventType "swiss"]
[EventCountry "RUS"]
[SourceTitle "playchess.com"]
[Source "ChessBase"]
[SourceQuality "1"]

{[%evp 9,52,31,38,20,53,8,29,35,68,50,38,48,45,62,48,25,20,15,37,0,0,2,0,15,13,-41,-11,-36,-10,-27,-14,-26,168,162,142,0,88,-224,-337,-854,-858,-853,-841,-841,-835]} 1. e4 h6 2. d4 e6 3. Bd3 d5 4. e5 c5 5. c3 Nc6 6. Ne2 {[#] B00: Queen's Fianchetto Defence, Nimzowitsch Defence.} Qb6 $146 {[%cal Rc5d4]} ({Predecessor:} 6... Bd7 7. Nd2 cxd4 8. cxd4 Bb4 9. O-O Rc8 10. a3 Be7 11. b4 Qb6 12. Nb3 a5 13. bxa5 Nxa5 14. Nxa5 Qxa5 {1-0 (59) Turpin,N-Donne,P Herlies 1998}) 7. O-O Bd7 {[%cal Rc5d4]} 8. dxc5 {White has an edge.} Qc7 9. f4 Bxc5+ 10. Kh1 Nge7 11. b4 Bb6 12. Na3 {Nb5 is the strong threat.} a6 13. Nc2 O-O 14. a4 {[%cal Ba2a4,Ba4a5][%mdl 32]} f6 15. a5 $36 {[%mdl 2048] White is more active.} Ba7 16. exf6 Rxf6 17. Bb2 ({White should try} 17. Be3 $11) 17... e5 {And now ...e4 would win.} 18. c4 {Hoping for cxd5.} dxc4 19. Bxc4+ Kh8 20. Ng3 Bf5 $2 ({Of course not} 20... Rxf4 $6 21. Rxf4 exf4 22. Nh5 $16) (20... Nf5 $11) 21. fxe5 $1 $18 Nxe5 {[%cal Bc6e5,Be5g4,Bg4f2,Bf2d1][%mdl 32]} 22. Rc1 (22. Qe2 $16 Qxc4 23. Qxc4 Nxc4 24. Bxf6) 22... Raf8 (22... Qxc4 $11 {keeps the balance.} 23. Bxe5 Bg4) 23. Nh5 $2 {[%mdl 8192] [#]} (23. Na3 $16 {stays on course.}) 23... Ng4 $1 $19 {[%csl Gg4][%cal Rc7h2]} (23... Nxc4 24. Bxf6 gxf6 {[#]} 25. Na3 $1 $14 {[%mdl 512]}) ({Stronger than} 23... Qxc4 24. Bxe5 R6f7 25. Nxg7 $11) 24. Rf4 $2 {[#]} (24. Ng3 Nxh2 25. Kxh2) 24... Qxf4 $1 {[%mdl 576] Remove Defender. Black is clearly winning.} 25. Nxf4 Nf2+ {[%mdl 64] Double Attack} 26. Kg1 Nxd1+ {Accuracy: White = 57%, Black = 66%.} 0-1